Statistiques concernant Disney paroles - Reflexion (Mulan)

Cliquez ici pour prendre le quiz!

Statistiques générales

  • Ce quiz a été pris 610 fois
  • Le résultat moyen est 74 sur 80

Statistiques - réponses

Réponse% Correct
Je
100%
je
100%
je
100%
je
100%
je
100%
Je
100%
je
100%
le
98%
le
98%
ma
98%
pour
98%
pour
98%
pour
98%
ce
97%
ce
97%
me
97%
ne
97%
suis
97%
suis
97%
que
96%
que
96%
cette
95%
cette
95%
fille
95%
fille
95%
jamais
95%
mariage.
95%
mes
95%
moi.
95%
pas
95%
sais
95%
serais
95%
faite
94%
miroir
94%
miroir
94%
Non
94%
une
94%
vie
94%
bien
93%
est
93%
n'est
93%
parents
93%
Quel
93%
seront
93%
si
93%
veux
93%
Dans
92%
dans
92%
mon
92%
mon
92%
sage.
92%
donc
91%
image
91%
mirage,
91%
qui
91%
voir.
91%
voir.
91%
J'ai
90%
rester
90%
sans
90%
sans
90%
memoire
89%
meurtris.
89%
visage
89%
cherche
88%
compris
88%
en
88%
reflexions
88%
savoir.
88%
ces
87%
ou
87%
Perdue
87%
pourquoi
87%
ame
86%
Ni
86%
d'illusion,
85%
quelle
85%
vais
83%
s'égare.
82%
reflechis-tu
77%

Distribution des résultats

Percentile par nombre de réponses

% des personnes avec chaque résultat

Votre développement - résultats

Vous n’avez pas pris ce quiz